| 000 | 01203nam a2200157 4500 | ||
|---|---|---|---|
| 008 | 708 G984b | ||
| 020 | _a9789585767188 | ||
| 082 |
_a708 _bG984b |
||
| 100 |
_aGutiérrez, José Darío (edición) _96876 |
||
| 245 | _aBorrador #1 o la perpetuidad del Voto Nacional | ||
| 260 |
_aBogotá _bProyecto Bachué _c2016 |
||
| 300 |
_a283 p. _bill (col) _c20.5 x 14 cm |
||
| 505 |
_tPrefacio _tNotas _tArrubla, Germán _tArturo, Felipe _tAvila Forero, Marcos _tBahos, William _tNotas _tBaraya, Alberto _tBonil, Carlos _tBravo Salamanca, Richard Harrison _tNotas _tBucher, Fracois _tCastañeda Galeano, Leonel _tCastro, Carlos _tNotas _tCorrea Nache, Jesús Eduardo _tEchavarría, Juan Manuel _tFory, Nelson _tHerrán, Juan Fernando _tNotas _tMartínez, José Horacio _tMoreno, Eduard _tOpazo, Mario _tOrjuela, Andrés _tNotas _tOspina, Lucas _tPalacios, Fabio Melecio _tPareja, Fernando & Chávez, Leidy _tPinilla, Andrés Matías _tQuiñones, Edinson _tRestrepo, José Alejandro _tNotas _tSánchez, Edwin _tSandoval, Rosemberg _tUribe, Andrés Felipe _tNotas _tUribe, Carlos _tVilla, Gustavo |
||
| 650 |
_xarte contemporáneo _xarte - exhibiciones _xpolítica - guerilla _xColombia _xProyecto Bachué _96877 |
||
| 700 |
_aChristian Padilla _96878 |
||
| 999 |
_c1714 _d1714 |
||